the study on keo lomeat mango marketing in peamouknhaong commune lvea em dristric, kandal province ការសិក្សារអំពីបណ្តាញទីផ្សារផលិតផលស្វាយកែវល្មៀយនៅឃុំពាមឧកញ្ញ៉ាអុង ស្រុកល្វាឯម ខេត្តកណ្តាល (Record no. 18350)

000 -LEADER
fixed length control field 00670nam a22001337a 4500
040 ## - CATALOGING SOURCE
Transcribing agency RUA
082 ## - DEWEY DECIMAL CLASSIFICATION NUMBER
Classification number AED KON 2018 B650 Or.1
100 ## - MAIN ENTRY--AUTHOR NAME
Personal name KONG NAROTH គង់ ណារ៉ូត
245 ## - TITLE STATEMENT
Title the study on keo lomeat mango marketing in peamouknhaong commune lvea em dristric, kandal province ការសិក្សារអំពីបណ្តាញទីផ្សារផលិតផលស្វាយកែវល្មៀយនៅឃុំពាមឧកញ្ញ៉ាអុង ស្រុកល្វាឯម ខេត្តកណ្តាល
260 ## - PUBLICATION, DISTRIBUTION, ETC. (IMPRINT)
Place of publication RUA
Name of publisher Phnom penh
Year of publication 2018
300 ## - PHYSICAL DESCRIPTION
Number of Pages xi;49p
Other physical details ill;
Dimensions 29cm
856 ## - ELECTRONIC LOCATION AND ACCESS
Uniform Resource Identifier KONG NAROTH
942 ## - ADDED ENTRY ELEMENTS (KOHA)
Koha item type AED
952 ## - LOCATION AND ITEM INFORMATION (KOHA)
Withdrawn status [LOCAL, KOHA] 0
952 ## - LOCATION AND ITEM INFORMATION (KOHA)
Withdrawn status [LOCAL, KOHA] 0
952 ## - LOCATION AND ITEM INFORMATION (KOHA)
Withdrawn status [LOCAL, KOHA] 0
952 ## - LOCATION AND ITEM INFORMATION (KOHA)
Withdrawn status [LOCAL, KOHA] 0
952 ## - LOCATION AND ITEM INFORMATION (KOHA)
Withdrawn status [LOCAL, KOHA] 0
952 ## - LOCATION AND ITEM INFORMATION (KOHA)
Withdrawn status [LOCAL, KOHA] 0
Holdings
Koha item type Barcode Lost status Permanent Location Current Location Date acquired Full call number
AEDA42293 Library Block BLibrary Block B2019-11-01AED KON 2018 B650 Or.1
AEDA42063 Library Block BLibrary Block B2019-11-01AED KON 2018 B650 Or.2
AEDA42065 Library Block BLibrary Block B2019-11-01AED KON 2018 B650 Or.3
AEDA42140 Library Block BLibrary Block B2019-11-01AED KON 2018 B650 Or.5
AED  Library Block BLibrary Block B2019-11-01AED KON 2018 B650 Or.1
AED  Library Block BLibrary Block B2019-11-01AED KON 2018 B650 Or.1
មជ្ឈមណ្ឌលឯការនៃសាកលវិទ្យាល័យភូមិន្ទកសិកម្មចំការដូង

Powered by Koha